000
00267 a2200097 4500
001
12984
100
_a
Shakespeare,M
245
_a
Henry IV:Text Edited from the first quarto contexts and sources criticism
260
_a
_b
W W Norton & Company
_c
090
_c
9984
_d
9984
942
_a
NUST-CAE
_c
M
_c
36915
999
_c
248057
_d
248057